| 000 | 00510nam a22001937a 4500 | ||
|---|---|---|---|
| 003 | CEME | ||
| 005 | 20210628202719.0 | ||
| 008 | 210125b xxu||||| |||| 00| 0 eng d | ||
| 020 | _a9814-12-643-8 | ||
| 040 | _c. | ||
| 082 | _a530 HAL | ||
| 100 |
_aHalliday, David Resnick, Robert Krane, Kenneth Stanley, Paul _961211 |
||
| 245 | _aPhysics: vol i and 2 student solution manual | ||
| 250 | _a5TH | ||
| 260 |
_aINDIA _bJOHN WILEY _c2004 |
||
| 300 | _a393 P | ||
| 650 |
_aPHYSICS _919181 |
||
| 942 |
_cBK _2ddc |
||
| 999 |
_c570739 _d570739 |
||